<The> behavioural equilibrium exchange rate of the Czech koruna
Salvato in:
| Autore principale: | |
|---|---|
| Altri autori: | |
| Natura: | Libro |
| Lingua: | inglese |
| Pubblicazione: |
Praha
Czech National Bank
2005
|
| Serie: | Working paper series
5/2005 |
| Soggetti: | |
| Tags: |
Nessun Tag, puoi essere il primo ad aggiungerne!!
|
MARC
| LEADER | 00000nam$a2200000$$$4500 | ||
|---|---|---|---|
| 001 | 0038324 | ||
| 005 | 20240313135242.8 | ||
| 041 | 0 | |a eng | |
| 044 | |a CZ | ||
| 245 | 1 | 0 | |a <The> behavioural equilibrium exchange rate of the Czech koruna |c Luboš Komárek, Martin Melecký |
| 264 | 1 | |a Praha |b Czech National Bank |c 2005 | |
| 300 | |a 24 s. | ||
| 490 | 1 | |a Working paper series |v 5/2005 | |
| 830 | 0 | |a Working paper series |v 5/2005 | |
| 610 | 2 | 0 | |a kurz devízový |
| 610 | 2 | 0 | |a mena |
| 610 | 2 | 0 | |a koruna |
| 610 | 2 | 0 | |a modely |
| 610 | 2 | 0 | |a modelovanie ekonometrické |
| 610 | 2 | 0 | |a rady časové |
| 610 | 2 | 0 | |a analýzy |
| 610 | 2 | 0 | |a Česko |
| 100 | 1 | |a Komárek, Luboš | |
| 700 | 1 | |a Melecký, Martin | |